Spoločenská zodpovednosť podniku a hodnota duševnej práce

V manažmente dochádza v súčasnosti k symbióze inteligenčného, emocionálneho a mentálneho kvocientu. Manažment pre nové tisícročie je riadením informačnej spoločnosti. Spoločenská zodpovednosť podnikov znamená, že tieto sa stále viac zameriavajú na kompetentných ľudí na základe ich spôsobilostí. Euro...

Ausführliche Beschreibung

Gespeichert in:
Bibliographische Detailangaben
1. Verfasser: Agafonová, Mária
Weitere Verfasser: Melkusová, Helena
Format: Buchkapitel
Sprache:Slowakisch
Schlagworte:
Tags: Tag hinzufügen
Keine Tags, Fügen Sie das erste Tag hinzu!

MARC

LEADER 00000nla$a2200000$$$4500
001 0123057
005 20221207081646.0
041 0 |a slo 
044 |a SK 
245 1 0 |a Spoločenská zodpovednosť podniku a hodnota duševnej práce  |c Mária Agafonová, Helena Melkusová 
520 |a V manažmente dochádza v súčasnosti k symbióze inteligenčného, emocionálneho a mentálneho kvocientu. Manažment pre nové tisícročie je riadením informačnej spoločnosti. Spoločenská zodpovednosť podnikov znamená, že tieto sa stále viac zameriavajú na kompetentných ľudí na základe ich spôsobilostí. Euromanažment 2010 sa orientuje na produkciu duševnej práce. Najdôležitejším rozvojovým faktorom sa stáva kvalifikácia a znalosti, vzdelanosť interdisciplinárneho a univerzálneho charakteru, ktorá umožňuje pružnejšie sa prispôsobovať sa zrýchľujúcim zmenám. 
610 2 0 |a podnik 
610 2 0 |a zodpovednosť spoločenská 
610 2 0 |a manažment 
610 2 0 |a globalizácia 
610 2 0 |a práca duševná 
610 2 0 |a hodnota 
100 1 |a Agafonová, Mária 
700 1 |a Melkusová, Helena